000 01813nam a22002417a 4500
003 Uzh_bibl
008 260421b |||||||| |||| 00| 0 ukr d
020 _a5-12-001243-4
_c21.00
040 _bукр.
041 _2ukr
_aukr
080 _a94(477)
090 _a94(477)
_bЯ 22
100 _aЯворницький,Дмитро
245 _aІсторія запорозьких козаків
_cред.О.А.Олійник
_hТекст
260 _aКиїв
_bНаукова думка
_c1990
300 _a537 с.
_fВ опр.
490 _aСерія"Пам'ятки іст.думки України"
_vТ.1
520 _aТритомна «История запорожских козаков» видатного українського історика, етнографа і фольклориста, археолога, письменника, лексикографа, академіка АН УРСР Д. І. Яворницького (1855-1940), надрукована в 1892-1897 рр., є однією з найцінніших пам’яток вітчизняної дореволюційної історіографії, важливим джерелом для вивчення історії українського козацтва. В першому томі висвітлюються питання соціально-економічної історії, суспільного устрою, життя та побуту запорозького козацтва, описанні територія та кордони, природні умови Запорозької Січі.
521 _aДля широкого кола читачів
546 _aукр.
650 _aНаукове видання
_vІсторична література
942 _2udc
_cBK
999 _c17414
_d17414